| 000 | 02890cam a2200385 i 4500 | ||
|---|---|---|---|
| 999 |
_c5159 _d5159 |
||
| 001 | .b60634649 | ||
| 003 | OCoLC | ||
| 005 | 20250806112744.0 | ||
| 008 | 170206t20172017nyu 000 d eng | ||
| 010 | _a2017000957 | ||
| 020 |
_a9781848428188 _q(paperback) |
||
| 040 |
_aDLC _beng _erda _cDLC _dBTCTA _dYDXCP _dOCLCO _dBDX _dOCLCF _dOCLCQ _dHRM _dCLE _dYDX _dOCLCO _dTOH _dFMF _dRB0 _dKH8 |
||
| 042 | _anbic | ||
| 043 | _an-us-pa | ||
| 082 | 0 | 0 |
_a812.54 NOT _223 |
| 100 | 1 |
_aNottage, Lynn, _eauthor. |
|
| 245 | 1 | 0 |
_aSweat / _cLynn Nottage. |
| 250 | _aFirst edition. | ||
| 264 | 1 |
_aNew York : _bTheatre Communications Group, _c[2017] |
|
| 264 | 4 | _c©2017. | |
| 300 |
_a112 pages ; _c22 cm. |
||
| 336 |
_atext _btxt _2rdacontent. |
||
| 337 |
_aunmediated _bn _2rdamedia. |
||
| 338 |
_avolume _bnc _2rdacarrier. |
||
| 520 |
_a"Winner of the 2016 Susan Smith Blackburn Prize "From first moments to last, this compassionate but clear-eyed play throbs with heartfelt life, with characters as complicated as any you'll encounter at the theater today, and with a nifty ticking time bomb of a plot. That the people onstage are middle-class or lower-middle-class folks - too rarely given ample time on American stages - makes the play all the more vital a contribution to contemporary drama. If I had pompoms, I'd be waving them now."--Charles Isherwood, The New York Times No stranger to dramas both heartfelt and heart-rending, Pulitzer Prize-winning playwright Lynn Nottage has written one of her most exquisitely devastating tragedies to date. In one of the poorest cities in America, Reading, Pennsylvania, a group of down-and-out factory workers struggles to keep their present lives in balance, ignorant of the financial devastation looming in their near futures. Set in 2008, the powerful crux of this new play is knowing the fate of the characters long before it's even in their sights. Based on Nottage's extensive research and interviews with real residents of Reading, Sweat is a topical reflection of the present and poignant outcome of America's economic decline. Lynn Nottage's plays include the Pulitzer Prize-winning Ruined; Intimate Apparel, the most widely produced play of the 2005-2006 theater season in America, By the Way, Meet Vera Stark, Fabulation, or the Re-Education of Undine; Crumbs from the Table of Joy; Las Meninas; Mud, River, Stone; Por'knockers, and POOF!"-- _cProvided by publisher. |
||
| 586 | _aPulitzer Prize for Drama, 2017. | ||
| 650 | 0 |
_aCity and town life _zPennsylvania _zReading _vDrama. |
|
| 650 | 0 |
_aGlobal Financial Crisis, 2008-2009 _vDrama. |
|
| 650 | 0 |
_aInterpersonal relations _vDrama. |
|
| 650 | 7 |
_aCity and town life. _2fast _0(OCoLC)fst00862081. |
|
| 650 | 7 |
_aInterpersonal relations. _2fast _0(OCoLC)fst00977397. |
|
| 651 | 7 |
_aPennsylvania _zReading. _2fast _0(OCoLC)fst01202803. |
|
| 655 | 7 |
_aDrama. _2fast _0(OCoLC)fst01423879. |
|
| 942 |
_2ddc _cCSN |
||